Fix the Africa Map Quiz Stats

 Plays Quiz Updated Nov 28, 2016

Challenge
Share
Tweet
Score 0/23 Timer 03:00
21 Plays Today
% Correct
BENIN
87%
GABON
86.7%
Tunis
85.4%
CHAD
85.3%
NIGER
84.2%
Mombasa
84.2%
MOZAMBIQUE
83.6%
Addis Ababa
82.8%
SIERRA LEONE
81.3%
ERITREA
79.8%
UGANDA
78.8%
Juba
77.8%
% Correct
Bangui
76.4%
DEMOCRATIC
REPUBLIC OF
THE CONGO
76%
ZIMBABWE
75.7%
Conakry
74%
MAURITANIA
73%
EQ.
GUINEA
72.1%
Cape Town
70.7%
Gaborone
70.5%
Bamako
66.7%
Accra
63.6%
Brazzaville
58.7%

You're not logged in!

Compare scores with friends on all Sporcle quizzes.
OR
Log In

You Might Also Like...

Show Comments

Extras

Top Quizzes Today


Score Distribution

Your Account Isn't Verified!

In order to create a playlist on Sporcle, you need to verify the email address you used during registration. Go to your Sporcle Settings to finish the process.

Report this User

Report this user for behavior that violates our Community Guidelines.

Details: